000 00719nam a2200193 a 4500
003 0
005 20250603145928.0
008 030603s19uu xx 00 eng d
050 _aPHS RD 541
_b.C36 2001
100 _aCantimbuhan, Eunice Ramirez.
245 _aAwareness and perceptions of women towards the risks of breast implants /
_cEunice Ramirez Cantimbuhan.
260 _aLas PiƱas City, Philippines :
_bSouthville International School and Colleges,
_c2001.
300 _a40 pages :
_billustrations ;
_c28 cm.
650 _aBreast implants
_xComplications.
650 _aBreast implants
_xHealth aspects.
650 _aCosmetic surgery
_xRisk factors.
650 _aRisk perception in women.
942 _2lcc
_cPASS
999 _c96449
_d96449